| 000 | 00763nam a22002537a 4500 | ||
|---|---|---|---|
| 001 | 49317 | ||
| 003 | UA-OsUOA | ||
| 005 | 20210511225737.0 | ||
| 007 | ta | ||
| 008 | 20070928b un ||||| |||| 00| 0 ukr d | ||
| 020 | _a9665747835 | ||
| 040 |
_aUA-OsUOA _bukr _cUA-OsUOA _dUA-OsUOA |
||
| 041 | _aukr | ||
| 080 | _a330.47:658 | ||
| 090 |
_a330.47:658 _bК 21 |
||
| 100 | _aКаранфілов М. С. | ||
| 245 |
_aІнформаційні системи в державному менеджменті _bнавч. посіб. |
||
| 260 |
_aК. _bКНЕУ _c2006 |
||
| 300 | _a456 с. | ||
| 650 | 7 |
_a330 Економіка взагалі _2UDC |
|
| 942 |
_cBK _2udc |
||
| 955 | _a2 | ||
| 999 |
_c335417 _d335417 |
||